000 00716cab a2200229 4500
001 ABS45770
008 090401t1992 xxu||||| |||| 00| 0 eng d
035 _a(Sirsi) u54973
041 _aeng
245 _aGolf course costs in South East Asia
260 _c1992
350 _a0
490 _aCost Engineer
_v30(1) January 1992, 13(1)
520 _aIn response to the rising popularity of golf in South East Asia, the costs and requirements of course provision in the region are set out here.
650 _aBUILT ENVIRONMENT-BUILDING COSTS
650 _aGOLF COURSES
650 _aSPORT
690 _aLEISURE AND RECREATION
690 _aOVERSEAS-REST OF THE WORLD
942 _n0
948 _c04/03/1997
999 _c33650
_d33650